| 000 | 01341nam a22003375i 4500 | ||
|---|---|---|---|
| 999 |
_c17709 _d17681 |
||
| 001 | 015690248 | ||
| 003 | EG-ScBUE | ||
| 005 | 20191218111440.0 | ||
| 008 | 100624t20112011maua f bd 001 0 eng d | ||
| 020 | _a9780262015080 (cased) | ||
| 020 | _a0262015080 (cased) | ||
| 040 |
_aEG-ScBUE _beng _erda _cEG-ScBUE _dEG-ScBUE |
||
| 082 | 0 | 4 |
_a658.4038 _bDAL _222 |
| 100 | 1 |
_aDalkir, Kimiz, _eauthor. _934296 |
|
| 245 | 1 | 0 |
_aKnowledge management in theory and practice / _cKimiz Dalkir ; foreword by Jay Liebowitz. |
| 250 | _aSecond edition | ||
| 264 | 1 |
_aCambridge, Massachusetts ; _aLondon, England : _bThe Massachusetts Institute of Technology Press (MIT Press), _c[2011] |
|
| 264 | 4 | _cc2011 | |
| 300 |
_axv, 485 p. : _billustrations ; _c24 cm |
||
| 336 |
_atext _btxt _2rdacontent |
||
| 337 |
_aunmediated _bn _2rdamedia |
||
| 338 |
_avolume _bnc _2rdacarrier |
||
| 500 | _aIncludes glossary. | ||
| 504 | _aIncludes bibliographical references and index. | ||
| 520 | _aA comprehensive text and reference provides both substantive theoretical grounding and pragmatic advice on applying key concepts. | ||
| 650 | 7 |
_aKnowledge management. _2BUEsh _912057 |
|
| 651 | _2BUEsh | ||
| 653 |
_bBUSADM _cOctober2013 _cFebruary2014 _cSeptember2015 _cOctober2015 |
||
| 700 | 1 |
_aLiebowitz, Jay, _eauthor of introduction, etc. _935089 |
|
| 942 |
_2ddc _cBB |
||